Países Anfitriones de los Juegos Olímpicos de Invierno - Estadísticas

Estadísticas generales
  • Esta prueba ha sido intentada 8 veces
  • La puntuación promedio es 8 de 27
Estadísticas de respuestas
Año Ciudad % Correcto
2026 Italia
71%
2006 Italia
71%
2014 Rusia
71%
2010 Canadá
57%
2022 China
57%
2002 Estados Unidos
57%
1940 Alemania
43%
1998 Japón
43%
1994 Noruega
43%
1936 Alemania
29%
2018 Corea del sur
29%
1980 Estados Unidos
29%
1992 Francia
29%
1976 Austria
14%
1964 Austria
14%
1988 Canadá
14%
1960 Estados Unidos
14%
1932 Estados Unidos
14%
1968 Francia
14%
1924 Francia
14%
1956 Italia
14%
1944 Italia
14%
1952 Noruega
14%
1948 Suiza
14%
1928 Suiza
14%
1972 Japón
0%
1984 Yugoslavia
0%
No se encontraron pruebas coincidentes
Distribución de puntuación
Porcentaje de gente con cada puntuación
Porcentaje por número respondido
Historial de tus puntuaciones
No has intentado esta prueba.